Transport systems in plants

में बचाया:
ग्रंथसूची विवरण
मुख्य लेखक: Jeffrey Moorby
स्वरूप: पुस्तक
भाषा:Undetermined
प्रकाशित: New York Longman Group 1981
विषय:
टैग : टैग जोड़ें
कोई टैग नहीं, इस रिकॉर्ड को टैग करने वाले पहले व्यक्ति बनें!
Thư viện lưu trữ: Trung tâm Học liệu Trường Đại học Cần Thơ
LEADER 00442nam a2200169Ia 4500
001 CTU_33303
008 210402s9999 xx 000 0 und d
082 |a 581.4 
082 |b M819 
100 |a Jeffrey Moorby 
245 0 |a Transport systems in plants 
245 0 |c Jeffrey Moorby 
260 |a New York 
260 |b Longman Group 
260 |c 1981 
650 |a Plant Physiology 
980 |a Trung tâm Học liệu Trường Đại học Cần Thơ